书目信息 |
| 题名: |
北大文化产业评论
|
|
| 作者: | 叶朗 主编 | |
| 分册: | 2011年上卷 | |
| 出版信息: | 北京 金城出版社 2011 |
|
| 页数: | 316页 | |
| 开本: | 25cm | |
| 丛书名: | ||
| 单 册: | ||
| 中图分类: | G114-53 | |
| 科图分类: | ||
| 主题词: | 文化产业--文集 , 文化产业 | |
| 电子资源: | ||
| ISBN: | 978-7-5155-0167-3 | |
| 000 | 00919nam0 22002531 450 | |
| 001 | 524 | |
| 005 | 20140909170353.14 | |
| 010 | @a978-7-5155-0167-3@dCNY36.00 | |
| 100 | @a20120309d2011 em y0chiy50 ea | |
| 101 | 0 | @achi@deng@eeng |
| 102 | @aCN@b110000 | |
| 105 | @ay z 000yy | |
| 106 | @ar | |
| 200 | 1 | @a北大文化产业评论@ABei Da Wen Hua Chan Ye Ping Lun@h2011年上卷@H2011 Nian Shang Juan@f叶朗主编@FYe Lang Zhu Bian |
| 210 | @a北京@c金城出版社@d2011 | |
| 215 | @a316页@d25cm | |
| 304 | @a英文共同题名:Peking university cultural industries review | |
| 330 | @a本书以理论分析、政策解读和前沿观察的形式对文化产业相关领域展开理论性、批判性、历史性和国际性的研究论述,倡导以跨学科的视角研究文化产业现象和趋势。 | |
| 606 | 0 | @a文化产业@j文集 |
| 606 | 0 | @a文化产业 |
| 690 | @aG114-53@v5 | |
| 701 | 0 | @a叶朗@AYe Lang@f(1938.10~)@4主编 |
| 801 | 0 | @aCN@bTANGWEI@c20140603 |
| 905 | @b0837495-97@dG114-53@e33@f3 | |
| 北大文化产业评论.2011年上卷/叶朗主编.-北京:金城出版社,2011 |
| 316页;25cm |
| ISBN 978-7-5155-0167-3:CNY36.00 |
| 本书以理论分析、政策解读和前沿观察的形式对文化产业相关领域展开理论性、批判性、历史性和国际性的研究论述,倡导以跨学科的视角研究文化产业现象和趋势。 |
| ● |
| 相关链接 |
|
|
|
|
正题名:北大文化产业评论
索取号:G114-53/33
 
预约/预借
| 序号 | 登录号 | 条形码 | 馆藏地/架位号 | 状态 | 备注 |
| 1 | 0837495 | 208374953 | 第一样本阅览室/ [索取号:G114-53/33] | 在馆 | |
| 2 | 0837496 | 208374962 | 第四借阅区/ [索取号:G114-53/33] | 在馆 | |
| 3 | 0837497 | 208374971 | 第四借阅区/ [索取号:G114-53/33] | 在馆 |